MOS : selected works /

"Their work has been described as experimental, willfully strange, and generally off-kilter, qualities front-and-center in their recent collection Everything All at Once. In just ten years Michael Meredith and Hilary Sample have established MOS as one of the leading young architecture practices...

Full description

Bibliographic Details
Main Author: Meredith, Michael 1971- (συγγραφέας.)
Other Authors: Sample, Hilary (συγγραφέας.)
Format: Book
Language:English
Published: New York, New York : Princeton Architectural Press, [2016]
Subjects:
LEADER 02074nam a22002417a 4500
003 GR-PaULI
005 20231122063235.0
008 200615s2016 nyuae||| |||| 00| 0 eng d
952 |0 0  |1 0  |2 ddc  |4 0  |6 720_920000000000000_MOS  |7 0  |9 241165  |a ARCH  |b ARCH  |c BSC  |d 2020-06-15  |i 011476  |l 0  |o 720.92 MOS  |p 025000203505  |r 2020-06-15 00:00:00  |t 1  |v 2020.00  |w 2020-06-15  |y BK15 
999 |c 145478  |d 145478 
020 |a 9781616892463  |q hardcover 
040 |a GR-PaULI  |b gre  |c GR-PaULI 
082 0 4 |a 720.92  |2 23 
100 1 |9 181252  |a Meredith, Michael  |d 1971-  |e συγγραφέας. 
245 1 0 |a MOS :  |b selected works /  |c Michael Meredith, Hilary Sample. 
260 |a New York, New York :  |b Princeton Architectural Press,  |c [2016] 
300 |a 288 σ. :   |b εικ. σχεδ. ;  |c 22 εκ. 
520 |a "Their work has been described as experimental, willfully strange, and generally off-kilter, qualities front-and-center in their recent collection Everything All at Once. In just ten years Michael Meredith and Hilary Sample have established MOS as one of the leading young architecture practices in the country. MOS, the first monograph on the built work of the New York-based firm, follows the design studio's evolution from their earliest works to their most celebrated houses and institutional buildings. The thirty projects featured range from the sophisticated to the absurd--from the serene Floating House in Ontario, Canada, and the sustainable Kathmandu Orphanage in Nepal to the playful puppet theater at Harvard's Carpenter Center and the appropriately named Rainbow Vomit installation in New York, a digital, interactive, computational heap of building blocks in a constant state of near collapse. The collection also includes a selection of the couple's unorthodox writings, including their satirical "Office Policy" employee manual"-- Provided by publisher. 
610 2 0 |9 181253  |a MOS (Firm) 
650 0 |a Αρχιτεκτονική, Μοντέρνα  |y 21ος αιώνας  |9 55049 
700 1 |9 181254  |a Sample, Hilary  |e συγγραφέας. 
942 |2 ddc  |c BK15 
998 |c ΚΗΠΟΥΡΓΟΥ  |d 2020-06